| 000 | 00448cam a22001217a 4500 | ||
|---|---|---|---|
| 008 | 180718b-- xxu||||| |||| 00| 0 eng d | ||
| 082 | _aL906x5411 COM | ||
| 245 | _aReport of the Comptroller and Auditor General of India, Assam (Commercial) | ||
| 260 |
_aGuwahati _bComptroller and Auditor General of India _c-- |
||
| 500 | _aLibrary has 1993/94-2009/10 | ||
| 650 | _aAuditing - India - Assam | ||
| 700 | _aAssam. Comptroller and Auditor General of India | ||
| 999 |
_c485345 _d485345 |
||